APPLIED STATISTICS FOR ENGINEERS AND SCLENTISTS Using Microsoft Excel@ and MINITAB (Record no. 491)

MARC details
000 -LEADER
fixed length control field 00494nam a22001697a 4500
003 - CONTROL NUMBER IDENTIFIER
control field OSt
005 - DATE AND TIME OF LATEST TRANSACTION
control field 20210826095436.0
008 - FIXED-LENGTH DATA ELEMENTS--GENERAL INFORMATION
fixed length control field 210826b |||||||| |||| 00| 0 eng d
020 ## - INTERNATIONAL STANDARD BOOK NUMBER
International Standard Book Number 0-13-488801-4
040 ## - CATALOGING SOURCE
Transcribing agency HU
082 ## - DEWEY DECIMAL CLASSIFICATION NUMBER
Classification number 519.5024
100 ## - MAIN ENTRY--PERSONAL NAME
Personal name David M.Levin Patrical P.Ramsey Robert K. Smidt
9 (RLIN) 407
245 ## - TITLE STATEMENT
Title APPLIED STATISTICS FOR ENGINEERS AND SCLENTISTS Using Microsoft Excel@ and MINITAB
260 ## - PUBLICATION, DISTRIBUTION, ETC.
Place of publication, distribution, etc. New Jersey
Name of publisher, distributor, etc. PRENTICE HALL
Date of publication, distribution, etc. 2001
300 ## - PHYSICAL DESCRIPTION
Extent 671
942 ## - ADDED ENTRY ELEMENTS (KOHA)
Source of classification or shelving scheme Dewey Decimal Classification
Koha item type Books like text book referance book
Suppress in OPAC No
Holdings
Withdrawn status Lost status Source of classification or shelving scheme Damaged status Not for loan Home library Current library Shelving location Date acquired Total Checkouts Full call number Barcode Date last seen Copy number Price effective from Koha item type
    Dewey Decimal Classification     Natural & Computational Science Library Natural & Computational Science Library General Stacks 08/26/2021   519.5224/LEY NSCLIB00002780 08/26/2021 1 08/26/2021 Books like text book referance book